[Event "Ch Argentina"]
[Site "masterchessopen.com - Buenos Aires (Argentina)"]
[Round "14"]
[White "Luckis Marcos"]
[Black "Bielicki Carlos (ARG)"]
[Result "1-0"]
[WhiteElo "2270"]
[BlackElo "2315"]

1.d4 Nf6 2.c4 c5 3.d5 e6 4.Nc3 exd5 5.cxd5 d6 6.e4 g6 7.Nf3 Bg7 8.Be2 O-O
9.O-O a6 10.a4 Bg4 11.h3 Bxf3 12.Bxf3 Nbd7 13.Bf4 Qc7 14.Qc2 Rfe8 15.Be2 c4
16.Rfe1 Rac8 17.a5 b5 18.axb6 Qxb6 19.Ra4 Bf8 20.Rxc4 Rxc4 21.Bxc4 Rb8 22.b3
Nc5 23.b4 Ncd7 24.Na2 Rc8 25.Qe2 Re8 26.Be3 Qd8 27.f3 a5 28.Bb5 axb4 29.Nxb4
Qa5 30.Nc6 Qa3 31.Qd3 Qa2 32.Bc4 Qa4 33.Qc3 Ra8 34.Bd4 Bg7 35.Rb1 h5 36.Qc1
Qa3 37.Qd2 Ne5 38.Nxe5 dxe5 39.Ra1 Qf8 40.Rxa8 Qxa8 41.Be3 Bf8 42.Qa2 Qxa2
43.Bxa2 Nd7 44.Kf1 Bc5 45.Bd2 Kg7 46.Bb1 Nb6 47.Bd3 f5 48.Bc3 Kf6 49.f4 Bd6
50.Ke2 Na4 51.Ba1 Nc5 52.exf5 gxf5 53.Bc2 Nd7 54.Bc3 Nf8 55.h4 Ng6 56.g3 Nf8
57.Ba4 Ng6 58.Be8 Ne7 59.Bc6 Ng6 60.Bd7 Ne7 61.Be6 Ng6 62.Kf3 Bc7 63.Bb2 Bd6
64.Bd7 Ne7 65.Bc6 Ng6 66.Be8 Ne7 67.Bc6 Ng6 68.Bd7 Ne7 69.Be6 Ng6 70.Ke2 Bc7
71.Bc8 Ne7 72.Bb7 Ng6 73.Bc8 Ne7 74.Be6 Ng6 75.Bc3 Bd6 76.Ba1 Bc7 77.Bc3 Bb8
78.Kd3 Ba7 79.fxe5+ Nxe5+ 80.Ke2 Bb8 81.Bd7 Kg6 82.Be8+ Nf7 83.Kf3 Bd6 84.Bd4
Bc7 85.Be3 Kf6 86.Bxf7 Kxf7 87.Bf4 Ba5 88.Ke3 Ke7 89.Kd4 {#r} 1-0

[Event "Zt"]
[Site "masterchessopen.com - Rio Hondo (Argentina)"]
[Round "7"]
[White "Luckis Marcos"]
[Black "Bolbochan Julio (ARG)"]
[Result "1/2-1/2"]
[WhiteElo "2270"]
[BlackElo "2440"]

1.d4 Nf6 2.c4 e6 3.Nf3 c5 4.d5 exd5 5.cxd5 d6 6.Nc3 a6 7.a4 g6 8.e4 Bg7 9.Be2
O-O 10.O-O Bg4 11.Bf4 Bxf3 12.Bxf3 Ne8 13.Qd2 Nd7 14.Bh6 Qa5 15.Bxg7 Nxg7
16.Nb1 Qc7 17.Na3 f5 18.Rfe1 Ne5 19.Bd1 fxe4 20.Rxe4 Rae8 21.f4 Nd7 22.Rxe8
Rxe8 23.Bf3 Nf5 24.Re1 Rxe1+ 25.Qxe1 Nf6 26.Nc4 Nd4 27.a5 Kf8 28.b4 cxb4
29.Qxb4 Ke7 30.Qe1+ Kd8 31.Nb6 Qc5 32.Kh1 h5 33.h3 Qa3 34.Be4 Nxe4 35.Qxe4 Nf5
36.Qc4 Qc5 37.Qa4 Qb5 38.Qa1 Ke7 39.Qe1+ Kf8 40.Kh2 {#d} 1/2-1/2

[Event "It"]
[Site "masterchessopen.com - Tel Aviv (Israel)"]
[Round "1"]
[White "Kraidman Yair (ISR)"]
[Black "Peretz Malkiel (ISR)"]
[Result "1-0"]
[WhiteElo "2267"]
[BlackElo "2264"]

1.d4 Nf6 2.c4 c5 3.d5 e6 4.Nc3 exd5 5.cxd5 d6 6.e4 g6 7.Nf3 Bg7 8.Be2 O-O
9.O-O a6 10.a4 Bg4 11.h3 Bxf3 12.Bxf3 Nbd7 13.Bf4 Qc7 14.Qd2 Rfe8 15.a5 b5
16.axb6 Nxb6 17.Ra2 Bf8 18.Rfa1 Qb7 19.Qc2 Nfd7 20.Be2 c4 21.Na4 Nf6 22.Bf3
Nbd7 23.Qxc4 Rac8 24.Qd4 Bg7 25.Qd3 Qb5 26.Qxb5 axb5 27.Nc3 b4 28.Nb5 Nxe4
29.Bxe4 Rxe4 30.Nxd6 Rxf4 31.Nxc8 Bd4 32.Rf1 b3 33.Ra8 Kg7 34.g3 Rf6 35.Kg2
Bxb2 36.Ra7 Nb6 37.d6 Bd4 38.Rb7 {#r} 1-0

[Event "It"]
[Site "masterchessopen.com - Titovo Uzice (Yugoslavia)"]
[Round "15"]
[White "Gligoric Svetozar (SRB)"]
[Black "Janosevic Dragoljub (YUG)"]
[Result "1-0"]
[WhiteElo "2447"]
[BlackElo "2330"]

1.d4 Nf6 2.c4 c5 3.d5 e6 4.Nc3 exd5 5.cxd5 d6 6.Nf3 g6 7.e4 a6 8.a4 Bg7 9.Be2
O-O 10.O-O Bg4 11.h3 Bxf3 12.Bxf3 Re8 13.Bf4 Qc7 14.g4 Nfd7 15.Qc2 Ne5 16.Be2
Nbd7 17.b3 c4 18.bxc4 Nxc4 19.Rac1 Rac8 20.Nb1 b5 21.axb5 axb5 22.Na3 Ndb6
23.Nxb5 Qd7 24.Qb1 Nxd5 25.exd5 Rxe2 26.Qd3 Rb2 27.Rxc4 Rxc4 28.Qxc4 Rxb5
29.Bxd6 Bf8 30.Bxf8 Kxf8 31.Rd1 h5 32.d6 Rb8 33.Qd4 Kg8 34.Re1 hxg4 35.hxg4
Ra8 36.f3 Ra2 37.Rc1 Kh7 38.Qd5 Qa7+ 39.Kh1 Ra5 40.Qd2 Qa8 41.Qh2+ Kg7 42.Qb2+
Kh7 43.Kg2 {#r} 1-0

[Event "Ch Denmark"]
[Site "masterchessopen.com - Copenhagen (Denmark)"]
[Round "11"]
[White "Andersen Borge (DEN)"]
[Black "Jakobsen Ole (DEN)"]
[Result "1/2-1/2"]
[WhiteElo "2385"]
[BlackElo "2334"]

1.d4 Nf6 2.c4 c5 3.d5 g6 4.Nc3 Bg7 5.e4 d6 6.Nf3 O-O 7.Be2 e6 8.O-O exd5
9.cxd5 a6 10.a4 Bg4 11.h3 Bxf3 12.Bxf3 Re8 13.Bf4 Qc7 14.Qc2 Nbd7 15.Be2 c4
16.Rfe1 b6 17.Rac1 Rac8 18.b4 cxb3 19.Qxb3 Nc5 20.Qb1 Qb8 21.Bf1 Nfd7 22.Bd2
Qa7 23.Kh2 Ne5 24.f4 Ned7 25.g3 Re7 26.Bg2 Rce8 27.Qc2 Qb8 28.Na2 Nf6 29.Nb4
Nfxe4 30.Nc6 Qb7 31.Nxe7+ Qxe7 32.Bb4 f5 33.Bxc5 bxc5 34.Re2 Qb7 35.Qc4 a5
36.Rce1 Qb4 37.Qc2 Qd4 38.Bxe4 fxe4 39.Rxe4 Rxe4 40.Qxe4 Qf2+ 41.Kh1 h5 {#d}
1/2-1/2

[Event "Memorial J.Capablanca"]
[Site "masterchessopen.com - Habana (Cuba)"]
[Round "5"]
[White "O'kelly De Galway Alberic (BEL)"]
[Black "Damjanovic Mato (CRO)"]
[Result "0-1"]
[WhiteElo "2460"]
[BlackElo "2303"]

1.d4 Nf6 2.c4 c5 3.d5 e6 4.Nc3 exd5 5.cxd5 d6 6.Nf3 g6 7.e4 a6 8.a4 Bg7 9.Be2
O-O 10.O-O Bg4 11.Re1 Bxf3 12.Bxf3 Nbd7 13.Be2 Re8 14.f3 Rc8 15.a5 c4 16.Be3
Nc5 17.Ra3 h5 18.Na4 Nfd7 19.Bxc4 Nxe4 20.Bf1 Nec5 21.Nc3 Qh4 22.Bf2 Qb4
23.Rxe8+ Rxe8 24.Qc2 Bd4 25.Ra1 Ne5 26.Bxd4 Qxd4+ 27.Kh1 Kg7 28.h3 h4 29.Rd1
Qb4 30.Ra1 Ned7 31.Qf2 Nf6 32.Na2 Qf4 33.Nc3 Nh5 34.Kg1 Ng3 35.Re1 Rxe1
36.Qxe1 Qb4 37.Qf2 Kg8 38.Na2 Qa4 39.b4 Nd7 40.Qd2 Nf6 41.Bc4 Qe8 42.Nc3 Qe5
43.b5 axb5 44.Bxb5 Nfh5 45.Kf2 Nf4 46.Bd7 g5 47.Bg4 Qe7 48.Qd4 Qd8 49.Qb4 Qf6
50.Qc4 Qe5 51.Bd7 Nh1+ 52.Kf1 Qe3 53.Ne4 Ng3+ 54.Nxg3 hxg3 55.Qc8+ Kg7 56.Qc2
Nd3 {#R} 0-1

[Event "Zt"]
[Site "masterchessopen.com - Quito (Ecuador)"]
[Round "0"]
[White "Hook W (IVB)"]
[Black "Garcia Martinez Silvino (CUB)"]
[Result "0-1"]
[WhiteElo "2009"]
[BlackElo "2319"]

1.d4 Nf6 2.c4 c5 3.d5 g6 4.Nc3 d6 5.e4 Bg7 6.Be2 O-O 7.Nf3 e6 8.O-O exd5
9.cxd5 a6 10.a4 Bg4 11.Nd2 Bxe2 12.Qxe2 Nbd7 13.Nc4 Nb6 14.Ne3 Re8 15.f3 Qc7
16.Rd1 Nh5 17.a5 Nd7 18.Nc4 b5 19.axb6 Nxb6 20.Na5 f5 21.Qc2 Bd4+ 22.Kh1 Qe7
23.Nc6 Qh4 24.Nxd4 cxd4 25.Ne2 fxe4 26.Nxd4 e3 27.Ne2 Qf2 28.Rg1 Nf4 29.Nd4
Qxc2 30.Nxc2 Nd3 31.g3 Rac8 32.Nd4 Nxd5 33.Ne2 N5b4 34.b3 d5 35.Nd4 Nc2
36.Nxc2 Rxc2 {#R} 0-1

[Event "Ch BRD"]
[Site "masterchessopen.com - Berlin (Germany)"]
[Round "9"]
[White "Donner Jan-Hein (NED)"]
[Black "Hug Werner (SUI)"]
[Result "1-0"]
[WhiteElo "2500"]
[BlackElo "2475"]

1.d4 Nf6 2.c4 c5 3.d5 g6 4.Nc3 d6 5.e4 Bg7 6.Be2 O-O 7.Nf3 e6 8.O-O exd5
9.cxd5 a6 10.a4 Bg4 11.Nd2 Bxe2 12.Qxe2 Re8 13.Nc4 Qe7 14.Bf4 Nxe4 15.Rae1
Bxc3 16.bxc3 Qd8 17.Qf3 f5 18.a5 Nd7 19.Nxd6 Nxd6 20.Bxd6 Qxa5 21.Be7 Qc7
22.Qe2 Kg7 23.Qe6 h5 24.Re3 f4 25.Re4 Rf8 26.Bd6 Qd8 27.Bxf8+ Nxf8 28.Qe7+
Qxe7 29.Rxe7+ Kf6 30.Rxb7 Rd8 31.Rd1 Rd6 32.Rc7 Nd7 33.Rc6 Ke5 34.c4 Rf6 35.f3
g5 36.Kf2 a5 37.Ke2 Rf8 38.Ra6 Rb8 39.Rxa5 Rb4 40.Kd3 Kf5 41.Kc3 g4 42.Rxc5
gxf3 43.gxf3 Ra4 44.Rb5 Ne5 45.d6 {#r} 1-0

[Event "?"]
[Site "masterchessopen.com - URS"]
[Round "0"]
[White "Gurevich Vladimir (UKR)"]
[Black "Khasin Abram (RUS)"]
[Result "0-1"]
[WhiteElo "2474"]
[BlackElo "2480"]

1.d4 g6 2.c4 Bg7 3.Nc3 c5 4.d5 d6 5.e4 Nf6 6.Be2 O-O 7.Nf3 e6 8.O-O exd5
9.cxd5 a6 10.a4 Bg4 11.Nd2 Bxe2 12.Qxe2 Re8 13.Qd3 Nbd7 14.Qc2 Nh5 15.g3 Rc8
16.a5 c4 17.Ra4 Ne5 18.f4 Nd3 19.Nxc4 Nc5 20.Rb4 Bxc3 21.bxc3 Nxe4 22.Bb2
Nexg3 23.hxg3 Nxg3 24.Qh2 Nxf1 25.Kxf1 Qe7 26.Qf2 Qe4 {#R} 0-1

[Event "Memorial C.Schlechter"]
[Site "masterchessopen.com - Gloggnitz (Austria)"]
[Date "1971.09.28"]
[Round "10"]
[White "Hartoch Robert G (NED)"]
[Black "Holm Sejer (DEN)"]
[Result "1/2-1/2"]
[WhiteElo "2400"]
[BlackElo "2390"]

1.d4 Nf6 2.c4 c5 3.d5 e6 4.Nc3 exd5 5.cxd5 d6 6.e4 g6 7.Nf3 Bg7 8.Be2 O-O
9.O-O a6 10.a4 Bg4 11.Bg5 h6 12.Bh4 g5 13.Bg3 Nh5 14.Nd2 Nxg3 15.hxg3 Bxe2
16.Qxe2 Qe7 17.Nc4 Nd7 18.Ne3 Be5 19.Ncd1 Qf6 20.Ra3 Rfe8 21.Nf5 Qg6 22.g4 Bg7
23.Rh3 Nf6 24.Nc3 b5 25.axb5 axb5 26.Nxd6 b4 27.Nd1 Nxd5 28.Nxe8 Nf4 29.Qb5
Qxe4 30.Rf3 Rxe8 31.Ne3 Bxb2 32.Qxc5 Bg7 33.Qb5 Re5 34.Qc4 Qxc4 35.Nxc4 Re4
36.Nd6 Ne2+ 37.Kh1 Rxg4 38.g3 Nc3 39.Re1 Rd4 40.Nf5 Rd7 {#d} 1/2-1/2

[Event "Tournament"]
[Site "masterchessopen.com - Esbjerg (Denmark)"]
[Round "3"]
[White "Sorensen Ivan"]
[Black "Bang Erik (DEN)"]
[Result "1/2-1/2"]
[WhiteElo "2300"]
[BlackElo "2290"]

1.d4 Nf6 2.c4 e6 3.Nc3 c5 4.d5 exd5 5.cxd5 d6 6.e4 g6 7.Be2 Bg7 8.Nf3 O-O
9.O-O a6 10.a4 Bg4 11.Nd2 Bxe2 12.Qxe2 Nbd7 13.a5 Qe7 14.f4 Rfe8 15.Re1 Nh5
16.Nc4 Bd4+ 17.Be3 Nxf4 18.Qf1 Bxe3+ 19.Rxe3 Nh5 20.Rf3 Nhf6 21.h3 Kg7 22.Re1
Ne5 23.Nxe5 Qxe5 24.Re2 Re7 25.Ref2 Nxe4 26.Rxf7+ Rxf7 27.Rxf7+ Kg8 28.Nxe4
Qxe4 29.Qf6 Qd4+ 30.Qxd4 cxd4 31.Rxb7 Re8 32.Rb4 Re2 33.Kf1 d3 {#d} 1/2-1/2

[Event "Ch Europe (juniors) (under 20) (final B)"]
[Site "masterchessopen.com - Groningen (Netherlands)"]
[Round "5"]
[White "Ott Roland (SUI)"]
[Black "Varasdy Imre (HUN)"]
[Result "1-0"]
[WhiteElo "2255"]
[BlackElo "2337"]

1.d4 Nf6 2.c4 e6 3.Nf3 c5 4.d5 exd5 5.cxd5 d6 6.Nc3 g6 7.e4 Bg7 8.Be2 a6 9.a4
O-O 10.O-O Bg4 11.h3 Bxf3 12.Bxf3 Nbd7 13.Be2 Re8 14.Qc2 Qc7 15.a5 Re7 16.Be3
Rae8 17.Ra4 h6 18.Rc1 g5 19.b4 cxb4 20.Rxb4 Nc5 21.Bxc5 Qxc5 22.Qb1 Rc7 23.Rc4
Qxa5 24.Ra4 Qxc3 25.Rxc3 Rxc3 26.Qxb7 Rc1+ 27.Kh2 Nxe4 28.Bh5 Nf6 29.Bxf7+ Kf8
30.Bxe8 Nxe8 31.Rxa6 Be5+ 32.g3 Rc7 33.Qb1 Kg7 34.Qb8 {#r} 1-0

[Event "Ch Europe (juniors) (under 20) (qual)"]
[Site "masterchessopen.com - Groningen (Netherlands)"]
[Round "7"]
[White "Ott Roland (SUI)"]
[Black "Varasdy Imre (HUN)"]
[Result "0-1"]
[WhiteElo "2255"]
[BlackElo "2337"]

1.d4 Nf6 2.c4 e6 3.Nf3 c5 4.d5 exd5 5.cxd5 d6 6.Nc3 g6 7.e4 Bg7 8.Be2 O-O
9.O-O a6 10.a4 Bg4 11.Nd2 Bxe2 12.Qxe2 Nbd7 13.Nc4 Nb6 14.Na3 Re8 15.Qc2 Qe7
16.a5 Nbd7 17.Re1 b5 18.axb6 Nxb6 19.Re2 Rab8 20.h3 Qe5 21.Nab1 Nh5 22.Rxa6
Nf4 23.Bxf4 Qxf4 24.g3 Qh6 25.Kg2 Qh5 26.f3 Qg5 27.Nd2 Bd4 28.Ra1 Bxc3 29.Qxc3
Nxd5 {#R} 0-1

[Event "It (open)"]
[Site "masterchessopen.com - Lone Pine (USA)"]
[Round "5"]
[White "Koploy Paul (USA)"]
[Black "Browne Walter S (USA)"]
[Result "0-1"]
[WhiteElo "2320"]
[BlackElo "2530"]

1.d4 c5 2.d5 Nf6 3.c4 e6 4.Nc3 exd5 5.cxd5 d6 6.Nf3 g6 7.e4 Bg7 8.Be2 O-O
9.O-O a6 10.a4 Bg4 11.Re1 Re8 12.h3 Bxf3 13.Bxf3 Nbd7 14.Bf4 Qc7 15.a5 c4
16.Ra4 b5 17.axb6 Nxb6 18.Ra3 Nfd7 19.Qc2 Nc5 20.Bg3 Nb3 21.Ne2 Qc5 22.Rd1 Qb4
23.Bf4 Nd7 24.Be3 Reb8 25.Nd4 Bxd4 26.Bxd4 Nxd4 27.Rxd4 Ne5 28.Be2 Qxb2
29.Qxb2 Rxb2 30.Bxc4 Rb4 31.Rc3 Rc8 32.Bb3 Rxc3 33.Rxb4 Nd3 34.Rb8+ Kg7 35.Ba4
Rc1+ 36.Kh2 Nxf2 37.e5 dxe5 38.Rb6 Rh1+ 39.Kg3 Ne4+ 40.Kf3 Nc5 41.Be8 Rd1
42.d6 Kf8 43.d7 Nxd7 44.Bxd7 Rxd7 45.Ke4 Rd2 {#R} 0-1

[Event "It (open)"]
[Site "masterchessopen.com - Mar del Plata (Argentina)"]
[Round "5"]
[White "Oliva Lobato Pedro (ESP)"]
[Black "Cuasnicu Oscar (ARG)"]
[Result "0-1"]
[WhiteElo "2162"]
[BlackElo "2370"]

1.d4 Nf6 2.c4 c5 3.d5 e6 4.Nc3 exd5 5.cxd5 d6 6.e4 g6 7.Be2 Bg7 8.Nf3 O-O
9.O-O a6 10.a4 Bg4 11.Nd2 Bxe2 12.Qxe2 Nbd7 13.Nc4 Nb6 14.Be3 Nxc4 15.Qxc4 Ng4
16.Bd2 Bd4 17.h3 Ne5 18.Qe2 Qh4 19.Rab1 Rae8 20.Be3 f5 21.f3 Bxe3+ 22.Qxe3 f4
23.Qe2 Rf7 24.b3 Rc7 25.Rfc1 h5 26.Nd1 Qf6 27.Nb2 Rg7 28.Nc4 g5 29.Nxe5 Rxe5
30.Kf2 g4 31.Rh1 Qh4+ 32.Kf1 gxf3 {#R} 0-1

[Event "Cup URS"]
[Site "masterchessopen.com - Norway"]
[Round "14"]
[White "Moen Ole-Christian (NOR)"]
[Black "Nunn John D M (ENG)"]
[Result "0-1"]
[WhiteElo "2220"]
[BlackElo "2602"]

1.d4 Nf6 2.c4 c5 3.d5 e6 4.Nc3 exd5 5.cxd5 d6 6.e4 g6 7.Nf3 Bg7 8.Be2 O-O
9.O-O a6 10.a4 Bg4 11.h3 Bxf3 12.Bxf3 Nbd7 13.Qc2 Qc7 14.Be2 Rfe8 15.f4 c4
16.Be3 Nxe4 17.Nxe4 f5 18.Nxd6 Qxd6 19.Bf2 b5 20.axb5 axb5 21.Rxa8 Rxa8 22.b3
Rc8 23.bxc4 bxc4 24.Bxc4 Qxf4 25.Qe2 Be5 {#R} 0-1

[Event "It"]
[Site "masterchessopen.com - San Antonio (USA)"]
[Round "0"]
[White "Gligoric Svetozar (SRB)"]
[Black "Campos Lopez Mario (MEX)"]
[Result "1-0"]
[WhiteElo "2575"]
[BlackElo "2346"]

1.d4 Nf6 2.c4 c5 3.d5 d6 4.Nc3 g6 5.e4 Bg7 6.Nf3 O-O 7.Be2 e6 8.O-O exd5
9.cxd5 a6 10.a4 Bg4 11.Nd2 Bxe2 12.Qxe2 Nbd7 13.Nc4 Nb6 14.Ne3 Re8 15.f3 Rb8
16.Kh1 Nh5 17.g4 Nf4 18.Qc2 Nc8 19.Nc4 g5 20.a5 Ne7 21.Nd1 Neg6 22.Nde3 Ne5
23.Ra3 Nxc4 24.Nxc4 Ng6 25.Bd2 Ne5 26.Ne3 Ng6 27.Rb3 Be5 28.Nc4 Qe7 29.Rb6
Red8 30.Be1 Bf4 31.Bg3 Qf6 32.Qc3 Qe7 33.Re1 f6 34.Bxf4 Nxf4 35.Ne3 Rd7 36.Nf5
Qf8 37.Qd2 Rc8 38.Rc1 Rcc7 39.Rc2 Ng6 40.Qf2 Rc8 41.Qg3 Rcd8 42.Qe1 Ne5 43.Qf1
Ng6 44.b4 cxb4 45.Rxb4 Ne5 46.Rb6 Rc8 47.Rxc8 Qxc8 48.Nxd6 Qc3 49.Ne8 Kf7
50.Nxf6 Rc7 51.d6 Rc4 52.d7 Qd2 53.d8=Q Qxd8 54.Nd5 Qc8 55.Rb1 Rc2 56.Ne3 Rc3
57.f4 Nxg4 58.fxg5+ Ke8 59.Nxg4 Qxg4 60.Qf5 Qxf5 61.exf5 Rc5 62.Rxb7 Rxf5
63.h4 Rxa5 64.Rxh7 Ra2 65.h5 Kf8 66.h6 Kg8 67.Ra7 Ra5 68.Rg7+ Kh8 69.Kg2 Ra3
70.Kf2 Rh3 71.Rf7 a5 72.Ra7 {#r} 1-0

[Event "Ch Canada"]
[Site "masterchessopen.com - Toronto (Canada)"]
[Round "0"]
[White "Amos Bruce M (CAN)"]
[Black "Piasetski Leon (CAN)"]
[Result "0-1"]
[WhiteElo "2415"]
[BlackElo "2275"]

1.d4 Nf6 2.c4 c5 3.d5 g6 4.Nc3 Bg7 5.e4 d6 6.Be2 O-O 7.Nf3 e6 8.O-O exd5
9.cxd5 a6 10.a4 Bg4 11.Bg5 Nbd7 12.Nd2 Bxe2 13.Qxe2 Qc7 14.f4 Rfe8 15.Qf3 c4
16.Kh1 Rab8 17.Rae1 b5 18.axb5 axb5 19.e5 dxe5 20.Bxf6 Nxf6 21.f5 b4 22.Nce4
Nxd5 23.Rc1 gxf5 24.Qxf5 Ne3 25.Nf6+ Bxf6 26.Qxf6 Qe7 27.Qxe7 Rxe7 28.Rfe1 c3
29.bxc3 Ng4 30.Rb1 Rd8 31.Ne4 f5 32.Ng3 bxc3 33.Nxf5 Red7 34.Kg1 c2 35.Rbc1
Rd1 36.Kf1 Rxc1 {#R} 0-1

[Event "Ch Canada"]
[Site "masterchessopen.com - Toronto (Canada)"]
[Round "0"]
[White "MacPhail John (CAN)"]
[Black "Day Lawrence A (CAN)"]
[Result "0-1"]
[WhiteElo "2299"]
[BlackElo "2345"]

1.d4 Nf6 2.c4 c5 3.d5 e6 4.Nc3 exd5 5.cxd5 d6 6.e4 g6 7.Nf3 Bg7 8.Be2 O-O
9.O-O a6 10.a4 Bg4 11.Bf4 Re8 12.h3 Nxe4 13.Nxe4 Rxe4 14.Bg5 f6 15.Bd3 Bxf3
16.Qxf3 Rd4 17.Bc1 Nd7 18.Bb1 f5 19.Re1 Ne5 20.Qe2 Qh4 21.Bd2 Rxa4 22.g3 Qc4
23.Rxa4 Qxa4 24.Bc3 Qd7 25.f4 Nf7 26.Qe6 Qa4 27.g4 Qxf4 28.gxf5 Qg3+ 29.Kh1
Qxh3+ 30.Kg1 Qg3+ 31.Kh1 Be5 32.Rxe5 dxe5 33.fxg6 hxg6 34.Bxg6 Qf3+ 35.Kg1
Qg3+ 36.Kh1 Qf3+ 37.Kg1 Kf8 38.Bxf7 Qxf7 39.Qxe5 Qg6+ 40.Kh1 Re8 41.Qf4+ Kg8
42.d6 Qb1+ 43.Kh2 Re2+ 44.Kh3 Qh1+ 45.Kg4 Re4 {#R} 0-1

[Event "Ch Canada"]
[Site "masterchessopen.com - Toronto (Canada)"]
[Round "0"]
[White "Selick Paul (CAN)"]
[Black "Day Lawrence A (CAN)"]
[Result "0-1"]
[WhiteElo "2275"]
[BlackElo "2345"]

1.d4 Nf6 2.c4 c5 3.d5 d6 4.Nc3 g6 5.e4 Bg7 6.Nf3 O-O 7.Be2 e6 8.O-O exd5
9.cxd5 a6 10.a4 Bg4 11.Bg5 Bxf3 12.Bxf3 Nbd7 13.Qc2 Qc7 14.h3 Rfe8 15.g4 h6
16.Bh4 Rac8 17.a5 Nh7 18.Be2 Bd4 19.Kg2 Ndf6 20.Ra4 Qd7 21.f3 Bxc3 22.bxc3
Nxd5 23.exd5 Rxe2+ 24.Qxe2 Qxa4 25.Re1 Qxa5 26.c4 b5 27.Bg3 Rd8 28.Qe7 Nf8
29.Re2 Qb6 30.f4 bxc4 31.f5 Rd7 32.Qe4 c3 33.Qe3 Qb5 34.f6 g5 35.h4 Qc4 36.Kh3
Qxd5 37.hxg5 hxg5 38.Qxc3 Qh1+ 39.Rh2 Qf1+ 40.Rg2 Ne6 41.Qd2 {#R} 0-1

[Event "?"]
[Site "masterchessopen.com - URS"]
[Round "0"]
[White "Zakharov Alexander (RUS)"]
[Black "Zhidkov Valery S (UKR)"]
[Result "0-1"]
[WhiteElo "2380"]
[BlackElo "2331"]

1.d4 Nf6 2.c4 e6 3.Nf3 c5 4.d5 exd5 5.cxd5 d6 6.Nc3 g6 7.e4 Bg7 8.Be2 O-O
9.O-O a6 10.a4 Bg4 11.Bg5 h6 12.Bh4 Bxf3 13.Bxf3 Nbd7 14.Be2 Re8 15.f4 Qb6
16.Qc2 Qb4 17.Bf3 c4 18.Rae1 b5 19.Bg3 Nh7 20.h4 bxa4 21.Nxa4 Rab8 22.Be2 Rbc8
23.Bg4 Rc7 24.Nc3 Nc5 25.f5 Nd3 26.fxg6 fxg6 27.Be6+ Kh8 28.Ra1 Nf8 29.Kh1 a5
30.Ra2 Rce7 31.Bh3 Nd7 32.Bxd7 Rxd7 33.Qe2 h5 34.Rf5 Kg8 35.Rg5 Nc1 36.Qc2
Nxa2 37.e5 Nxc3 38.Qxg6 Rde7 39.bxc3 Qxc3 40.e6 Qd3 41.Qxh5 Qh7 42.Qg4 c3
43.Bxd6 c2 44.Bf4 Rc8 45.d6 c1=Q+ 46.Bxc1 Rxc1+ 47.Kh2 Qb1 48.Qd4 Rh1+ 49.Kg3
Qe1+ 50.Kf3 Rf1+ {#R} 0-1

[Event "Tournament (team)"]
[Site "masterchessopen.com - Villa Gesell (Argentina)"]
[Round "3"]
[White "Acosta Tomas (ARG)"]
[Black "Cuasnicu Oscar (ARG)"]
[Result "0-1"]
[WhiteElo "2275"]
[BlackElo "2370"]

1.d4 Nf6 2.c4 c5 3.d5 e6 4.Nc3 exd5 5.cxd5 d6 6.e4 g6 7.Nf3 Bg7 8.Be2 O-O
9.O-O a6 10.a4 Bg4 11.h3 Bxf3 12.Bxf3 Nbd7 13.Be2 Re8 14.Qc2 Rc8 15.Bf4 Ne5
16.Bg3 c4 17.Kh1 Nfd7 18.Bxe5 Bxe5 19.Bg4 Rc7 20.Bxd7 Rxd7 21.f4 Bxc3 22.bxc3
Rde7 23.Rab1 Qc7 24.f5 Rxe4 25.f6 Re2 26.Qc1 R8e3 27.Rf3 Rxf3 {#R} 0-1

[Event "Ch Poland"]
[Site "masterchessopen.com - Wroclaw (Poland)"]
[Round "13"]
[White "Balcerowski Witold (POL)"]
[Black "Filipowicz Andrzej (POL)"]
[Result "0-1"]
[WhiteElo "2365"]
[BlackElo "2405"]

1.d4 Nf6 2.c4 c5 3.d5 e6 4.Nc3 exd5 5.cxd5 d6 6.e4 g6 7.Nf3 Bg7 8.Be2 O-O
9.O-O a6 10.a4 Bg4 11.h3 Bxf3 12.Bxf3 Nbd7 13.Bf4 Qc7 14.Rc1 Ne8 15.b4 b6
16.Be2 f5 17.exf5 Rxf5 18.Be3 Qd8 19.Bg4 Rf8 20.Be6+ Kh8 21.Ne4 cxb4 22.Ng5
Nc5 23.Nf7+ Rxf7 24.Bxf7 Nf6 25.Be6 a5 26.Bd4 Nfe4 27.Re1 Nc3 28.Bxc3 bxc3
29.Re3 Qh4 30.g4 Rf8 31.Rf3 Rxf3 32.Qxf3 Qf6 33.Qe2 Qf4 34.Re1 Be5 35.Qb5 Qh2+
36.Kf1 Qh1+ 37.Ke2 Qe4+ 38.Kf1 Qh1+ 39.Ke2 Qe4+ 40.Kf1 Qd3+ 41.Qxd3 Nxd3
42.Re2 Nb4 43.Ke1 c2 44.Kd2 Bf4+ 45.Re3 Kg7 46.h4 h6 47.Kc1 Kf6 {#R} 0-1

[Event "Memorial J.Capablanca"]
[Site "masterchessopen.com - Cienfuegos (Cuba)"]
[Round "8"]
[White "Donner Jan-Hein (NED)"]
[Black "Vilela Jose Luis (CUB)"]
[Result "1-0"]
[WhiteElo "2470"]
[BlackElo "2260"]

1.d4 Nf6 2.c4 c5 3.d5 e6 4.Nc3 exd5 5.cxd5 d6 6.Nf3 g6 7.e4 Bg7 8.Be2 O-O
9.O-O a6 10.a4 Bg4 11.Nd2 Bxe2 12.Qxe2 Nbd7 13.Nc4 Nb6 14.Ne3 Re8 15.a5 Nc8
16.f3 Nd7 17.Bd2 Qe7 18.Rae1 Na7 19.Nc4 Nb5 20.Qd3 Ne5 21.Nxe5 Qxe5 22.Nxb5
axb5 23.Bc3 c4 24.Bxe5 cxd3 25.Bxg7 Kxg7 26.Rd1 Rxa5 27.Rxd3 Rc8 28.g3 Ra4
29.Rf2 Rac4 30.Re2 f6 31.Kf2 Re8 32.g4 g5 33.Ke3 Rec8 34.Rb3 b4 35.Rd2 b5
36.Rd4 Rxd4 37.Kxd4 Rc4+ 38.Ke3 h6 39.Rd3 Rc2 40.Rd2 Rc1 41.Rd4 Rc7 42.Rxb4
Rb7 43.Rb3 b4 44.Kd3 Kf7 45.Kc4 Rc7+ 46.Kxb4 Rc2 47.Ka3 Rxh2 48.Rc3 Rh3 49.Kb4
h5 50.gxh5 Rxh5 51.Kc4 f5 52.exf5 Kf6 53.b4 Rh4+ 54.Kb3 Rd4 55.b5 Rxd5 56.Kc4
Rxf5 57.b6 Ke6 58.b7 Rf8 59.Kb5 Ke5 60.Kc6 d5 61.Rb3 {#r} 1-0

[Event "It"]
[Site "masterchessopen.com - Buenos Aires (Argentina)"]
[Round "0"]
[White "Najdorf Miguel (POL)"]
[Black "Rodriguez Orestes (ESP)"]
[Result "1-0"]
[WhiteElo "2525"]
[BlackElo "2403"]

1.d4 Nf6 2.c4 e6 3.Nf3 c5 4.d5 exd5 5.cxd5 g6 6.Nc3 Bg7 7.e4 d6 8.Be2 O-O
9.O-O a6 10.a4 Bg4 11.h3 Bxf3 12.Bxf3 Nbd7 13.Bf4 Qc7 14.a5 Rfe8 15.Qc2 Rac8
16.Ra4 h6 17.Be2 Re7 18.Bg3 Rce8 19.Kh1 Qb8 20.f4 b5 21.axb6 Nxb6 22.Rxa6 Nxe4
23.Nxe4 Rxe4 24.Bb5 R8e7 25.Bc6 Re2 26.Qd1 Rxb2 27.f5 Ree2 28.fxg6 fxg6 29.Qd3
Rxg2 30.Rxb6 Qxb6 31.Qxg6 Kh8 32.Bd7 {#r} 1-0

[Event "Ch Europe (juniors)"]
[Site "masterchessopen.com - Groningen (Netherlands)"]
[Round "1"]
[White "Kuligowski Adam (POL)"]
[Black "Gavrilakis Nikolaos (GRE)"]
[Result "1-0"]
[WhiteElo "2430"]
[BlackElo "2403"]

1.d4 Nf6 2.c4 c5 3.d5 e6 4.Nc3 exd5 5.cxd5 d6 6.e4 g6 7.Nf3 Bg7 8.Be2 O-O
9.O-O a6 10.a4 Bg4 11.Bg5 Nbd7 12.Nd2 Bxe2 13.Qxe2 Qc7 14.Nc4 Rfe8 15.Bf4 Bf8
16.Qc2 Rab8 17.a5 b5 18.axb6 Nxb6 19.Ne3 Qb7 20.Ra2 Nh5 21.Bg5 Be7 22.Bxe7
Rxe7 23.Rfa1 Ra8 24.Qe2 Nf6 25.f3 Nbxd5 26.exd5 Rae8 27.Ncd1 Nxd5 28.Ra3 Nxe3
29.Rxe3 d5 30.Qd2 d4 31.Rxe7 Rxe7 32.Nf2 f5 33.Rc1 Qb5 34.Qd3 Qxb2 35.Qc4+ Kg7
36.Qxc5 Rd7 37.Qe5+ Kh6 38.Re1 Qb4 39.Nd3 Qc3 40.Nc5 Rd5 41.Qf4+ Kh5 42.g4+
fxg4 43.fxg4+ Kh4 44.Qf2+ Kh3 45.Ne4 {#r} 1-0

[Event "Ch Europe (juniors)"]
[Site "masterchessopen.com - Groningen (Netherlands)"]
[Round "7"]
[White "Kuligowski Adam (POL)"]
[Black "Goormachtigh Johan (BEL)"]
[Result "1/2-1/2"]
[WhiteElo "2430"]
[BlackElo "2212"]

1.d4 Nf6 2.c4 c5 3.d5 e6 4.Nc3 exd5 5.cxd5 d6 6.e4 g6 7.Be2 Bg7 8.Nf3 O-O
9.O-O a6 10.a4 Bg4 11.Bf4 Bxf3 12.Bxf3 Qc7 13.h3 Nbd7 {#d} 1/2-1/2

[Event "Ch Europe (juniors)"]
[Site "masterchessopen.com - Groningen (Netherlands)"]
[Round "6"]
[White "Ott Roland (SUI)"]
[Black "Guddahl Viggo (NOR)"]
[Result "0-1"]
[WhiteElo "2255"]
[BlackElo "2060"]

1.d4 Nf6 2.c4 e6 3.Nf3 c5 4.d5 exd5 5.cxd5 d6 6.Nc3 g6 7.e4 Bg7 8.Be2 O-O
9.O-O a6 10.a4 Bg4 11.Bg5 h6 12.Bh4 g5 13.Bg3 Nh5 14.Qc2 f5 15.h3 Nxg3 16.fxg3
Bxf3 17.Rxf3 f4 18.gxf4 gxf4 19.Raf1 Qg5 20.Kh1 Nd7 21.Qc1 Be5 22.g3 fxg3
23.Rxf8+ Rxf8 24.Rxf8+ Nxf8 25.Qf1 Ng6 26.Bg4 Nf4 {#R} 0-1